000 00849nam a2200205 i 4500
001 165823
003 ES-MaACL
005 20250920063109.0
008 931025s1861 fr |||| | fre d
100 1 _aMill, John Stuart,
_d1806-1873
_981119
245 1 0 _aPrincipes d'Economie politique avec quelques-unes de Leurs applications a l'economie sociale /
_cpar John Stuart Mill ; traduits par... M. Dusard et Courcelle seneuil... et precedés d'une introduction par Courcelle Seneuil.
250 _a2em ed.
260 _aParis :
_bGuillaumin et C\pie\s, librairies,
_c1861 (
_eCorbeil :
_fTyp. et ster. de Crété)
300 _a2 v.(XXI, 563 ; 532 p.) ;
_c24 cm.
650 0 7 _aEconomía
_2embne
_912006
700 1 _aDussard, H.
_9126889
852 _aES-MaACL
_jG-3598-99
_z-- Enc. hol.
999 _c165823
_d165823